[Event "IM-Turnier 2007"]
[Site "Hamburg"]
[Date "2007.10.22"]
[Round "1.1"]
[White "Markgraf, Alexander"]
[Black "Lanka, Zigurds"]
[Result "1/2-1/2"]
[WhiteElo "2447"]
[BlackElo "2482"]
[PlyCount "36"]
[EventDate "2007.??.??"]

1. e4 c5 2. Nf3 e6 3. d4 cxd4 4. Nxd4 a6 5. Bd3 Bc5 6. Nb3 Ba7 7. Qg4 Nf6 8.
Qg3 d6 9. Nc3 Nc6 10. Bg5 h6 11. Bd2 g5 12. O-O-O Ne5 13. Be2 Rg8 14. Be3 Bb8
15. f3 Bd7 16. h4 b5 17. hxg5 b4 18. Nb1 hxg5 1/2-1/2

[Event "IM-Turnier 2007"]
[Site "Hamburg"]
[Date "2007.10.22"]
[Round "1.2"]
[White "Breuer, Stefan"]
[Black "Kopylov, Michael"]
[Result "0-1"]
[WhiteElo "2355"]
[BlackElo "2472"]
[PlyCount "58"]
[EventDate "2007.??.??"]

1. e4 Nf6 2. Nc3 d5 3. e5 Nfd7 4. d4 c5 5. dxc5 e6 6. f4 Bxc5 7. Bd3 Nc6 8. Qg4
g6 9. Nf3 Bb4 10. Bd2 Nc5 11. a3 Bxc3 12. Bxc3 Nxd3+ 13. cxd3 b6 14. f5 gxf5
15. Qg7 Kd7 16. Ng5 Ba6 17. Bb4 Qg8 18. Qf6 h6 19. Nh3 Qg6 20. Nf4 Qxf6 21.
exf6 Rag8 22. g3 h5 23. Kf2 h4 24. Bd2 d4 25. Ng2 hxg3+ 26. hxg3 Bxd3 27. Nh4
Be4 28. Rhd1 e5 29. Rac1 f4 0-1

[Event "IM-Turnier 2007"]
[Site "Hamburg"]
[Date "2007.10.22"]
[Round "1.3"]
[White "Müller, Fabian"]
[Black "van Delft, Merijn"]
[Result "1-0"]
[WhiteElo "2312"]
[BlackElo "2418"]
[PlyCount "79"]
[EventDate "2007.??.??"]

1. d4 Nf6 2. c4 g6 3. Nc3 Bg7 4. e4 d6 5. Be2 O-O 6. Nf3 e5 7. O-O Nc6 8. d5
Ne7 9. b4 a5 10. Ba3 axb4 11. Bxb4 Nd7 12. a4 Bh6 13. Nd2 f5 14. Nb3 Nf6 15.
exf5 gxf5 16. c5 Ng6 17. cxd6 cxd6 18. Nb5 Ne8 19. g3 Rf7 20. Nd2 Bf8 21. Nc4
Rg7 22. Kh1 Ra6 23. Ra3 Nf6 24. f4 exf4 25. gxf4 Ne4 26. Nc3 Qe8 27. Qd3 Nxf4
28. Rxf4 Qg6 29. Bg4 Qxg4 30. Qf1 Ng3+ 31. hxg3 Qxg3 32. Ne4 Qg6 33. Nf2 Qh6+
34. Nh3 Rg4 35. a5 Bd7 36. Raf3 Bg7 37. Ne3 Ra8 38. Nxg4 fxg4 39. Rg3 Kh8 40.
Rf7 1-0

[Event "IM-Turnier 2007"]
[Site "Hamburg"]
[Date "2007.10.22"]
[Round "1.1"]
[White "Smith, Axel"]
[Black "Langrock, Hannes"]
[Result "1/2-1/2"]
[WhiteElo "2384"]
[BlackElo "2403"]
[PlyCount "52"]
[EventDate "2007.??.??"]

1. e4 c5 2. Nf3 e6 3. d4 cxd4 4. Nxd4 a6 5. Nc3 b5 6. Bd3 Qb6 7. Nf3 Nc6 8. O-O
Qb8 9. a4 b4 10. Nb1 Bd6 11. Nbd2 Nge7 12. b3 Ne5 13. Bb2 N7g6 14. Nxe5 Bxe5
15. Bxe5 Nxe5 16. Be2 g5 17. Nf3 Nxf3+ 18. Bxf3 Qe5 19. a5 h5 20. g3 g4 21. Bg2
Rb8 22. Qd2 Rb5 23. Ra4 Rxa5 24. Rxb4 Rc5 25. Rd4 a5 26. Ra1 h4 1/2-1/2

[Event "IM-Turnier 2007"]
[Site "Hamburg"]
[Date "2007.10.22"]
[Round "1.2"]
[White "Bracker, Frank"]
[Black "Lindinger, Markus"]
[Result "1/2-1/2"]
[WhiteElo "2214"]
[BlackElo "2277"]
[PlyCount "50"]
[EventDate "2007.??.??"]

1. e4 e6 2. d4 d5 3. Nc3 Nf6 4. e5 Nfd7 5. f4 c5 6. Nf3 Nc6 7. Be3 Be7 8. Qd2
O-O 9. O-O-O c4 10. f5 Rb8 11. f6 gxf6 12. exf6 Nxf6 13. Bf4 Bb4 14. Bh6 Ne4
15. Qf4 e5 16. Nxe5 Bxc3 17. Nxc6 Bxb2+ 18. Kxb2 Qb6+ 19. Nb4 Qxb4+ 20. Ka1
Qc3+ 21. Kb1 Qa3 22. Ka1 Qc3+ 23. Kb1 Re8 24. Bd3 Qb4+ 25. Ka1 Qc3+ 1/2-1/2

[Event "IM-Turnier 2007"]
[Site "Hamburg"]
[Date "2007.10.22"]
[Round "1.3"]
[White "Huschenbeth, Niclas"]
[Black "Bakker, Sven"]
[Result "1/2-1/2"]
[WhiteElo "2318"]
[BlackElo "2244"]
[PlyCount "53"]
[EventDate "2007.??.??"]

1. e4 c6 2. d4 d5 3. Nc3 dxe4 4. Nxe4 Bf5 5. Ng3 Bg6 6. h4 h6 7. Nf3 Nd7 8. h5
Bh7 9. Bd3 Bxd3 10. Qxd3 e6 11. Bf4 Ngf6 12. O-O-O Be7 13. Kb1 O-O 14. Ne4 Nxe4
15. Qxe4 Nf6 16. Qe2 Qd5 17. Ne5 Qe4 18. Qxe4 Nxe4 19. Rhe1 Nf6 20. g4 Bd6 21.
f3 a5 22. c4 a4 23. Bd2 Rfd8 24. Bc3 Rdc8 25. Nd3 b5 26. Bb4 Bxb4 27. Nxb4
1/2-1/2

[Event "IM-Turnier 2007"]
[Site "Hamburg"]
[Date "2007.10.23"]
[Round "2.1"]
[White "van Delft, Merijn"]
[Black "Markgraf, Alexander"]
[Result "0-1"]
[WhiteElo "2418"]
[BlackElo "2447"]
[PlyCount "116"]
[EventDate "2007.??.??"]

1. Nf3 f5 2. d4 Nf6 3. h4 e6 4. h5 b6 5. h6 g6 6. Bg5 Be7 7. Nbd2 Bb7 8. e3 Ng4
9. Bxe7 Qxe7 10. Bd3 Nc6 11. c3 e5 12. d5 Nd8 13. e4 f4 14. Rh4 Nf6 15. g4 fxg3
16. fxg3 Nf7 17. Qe2 Nh5 18. Qh2 O-O-O 19. O-O-O Rdf8 20. Be2 Kb8 21. Ne1 Nf6
22. Nd3 c6 23. dxc6 dxc6 24. g4 Rd8 25. Rh3 Rhe8 26. Rf1 Ng5 27. Re3 Nd7 28.
Nf3 c5 29. Qh4 Nxe4 30. g5 c4 31. Nb4 a5 32. Na6+ Bxa6 33. Qxe4 Bb7 34. Qxc4 e4
35. Rg1 Ne5 36. Nxe5 Qxe5 37. Qb5 Qf4 38. Qxb6 Rd6 39. Rg4 Qh2 40. Qxa5 Qf2 41.
Rgg3 Qe1+ 42. Kc2 Rd2+ 43. Kb3 Rxe2 44. Qb5 Qd1+ 45. Ka3 Qd6+ 46. b4 Qa6+ 47.
Qxa6 Bxa6 48. Kb3 Rc8 49. Rxe2 Bxe2 50. a4 Bc4+ 51. Ka3 Rf8 52. Re3 Rf2 53. b5
Re2 54. Rg3 Bd3 55. Kb4 Rb2+ 56. Kc5 Rb3 57. Rg4 Rxc3+ 58. Kb6 e3 0-1

[Event "IM-Turnier 2007"]
[Site "Hamburg"]
[Date "2007.10.23"]
[Round "2.2"]
[White "Lanka, Zigurds"]
[Black "Breuer, Stefan"]
[Result "1/2-1/2"]
[WhiteElo "2482"]
[BlackElo "2355"]
[PlyCount "71"]
[EventDate "2007.??.??"]

1. e4 e6 2. d4 d5 3. Nc3 dxe4 4. Nxe4 Nd7 5. Nf3 Ngf6 6. Nxf6+ Nxf6 7. Bc4 Be7
8. Qe2 O-O 9. O-O b6 10. Bf4 Bb7 11. Rad1 Nd5 12. Bg3 Bd6 13. Rfe1 Nf4 14. Bxf4
Bxf4 15. Bd3 Qf6 16. Be4 Bxe4 17. Qxe4 Rad8 18. g3 Bd6 19. h4 g6 20. c3 Rfe8
21. b4 Qf5 22. Kg2 Qd5 23. Qxd5 exd5 24. Ne5 Bxe5 25. dxe5 c5 26. f4 d4 27.
cxd4 Rxd4 28. bxc5 bxc5 29. Rxd4 cxd4 30. Rd1 Rc8 31. Rxd4 Rc2+ 32. Kh3 Rxa2
33. h5 gxh5 34. Rd7 h6 35. Rd8+ Kg7 36. Rd7 1/2-1/2

[Event "IM-Turnier 2007"]
[Site "Hamburg"]
[Date "2007.10.23"]
[Round "2.3"]
[White "Kopylov, Michael"]
[Black "Müller, Fabian"]
[Result "1/2-1/2"]
[WhiteElo "2472"]
[BlackElo "2312"]
[PlyCount "69"]
[EventDate "2007.??.??"]

1. d4 f5 2. g3 Nf6 3. Bg2 g6 4. Nf3 Bg7 5. O-O O-O 6. c4 d6 7. Nc3 Qe8 8. b3
Na6 9. Ba3 c6 10. Qd3 Rb8 11. e4 fxe4 12. Nxe4 Bf5 13. Nh4 Bxe4 14. Bxe4 Nxe4
15. Qxe4 Qf7 16. Rae1 Bf6 17. Ng2 Rfe8 18. d5 c5 19. h4 Nc7 20. Qg4 e6 21. dxe6
Nxe6 22. h5 Bg7 23. hxg6 Qxg6 24. Qxg6 hxg6 25. Ne3 Nd4 26. Kg2 b5 27. Bb2 bxc4
28. Nxc4 d5 29. Rxe8+ Rxe8 30. Ne3 Nf5 31. Bxg7 Nxe3+ 32. fxe3 Kxg7 33. Rd1
Rxe3 34. Rxd5 Re2+ 35. Kf3 1/2-1/2

[Event "IM-Turnier 2007"]
[Site "Hamburg"]
[Date "2007.10.23"]
[Round "2.1"]
[White "Bakker, Sven"]
[Black "Smith, Axel"]
[Result "1/2-1/2"]
[WhiteElo "2244"]
[BlackElo "2384"]
[PlyCount "54"]
[EventDate "2007.??.??"]

1. d4 d5 2. c4 e6 3. Nc3 c6 4. e3 Nf6 5. Nf3 Nbd7 6. Qc2 Bd6 7. b3 O-O 8. Bd3
e5 9. dxe5 Nxe5 10. Nxe5 Bxe5 11. Bb2 Re8 12. O-O-O h6 13. Kb1 Qe7 14. cxd5
Nxd5 15. Nxd5 cxd5 16. Bxe5 Qxe5 17. Qb2 Qe7 18. Bc2 Be6 19. Rd4 a5 20. g4 Qh4
21. Bf5 Qh3 22. Bxe6 fxe6 23. Qe2 Rac8 24. Qf1 Qxf1+ 25. Rxf1 Rf8 26. f4 Rc3
27. Re1 h5 1/2-1/2

[Event "IM-Turnier 2007"]
[Site "Hamburg"]
[Date "2007.10.23"]
[Round "2.2"]
[White "Langrock, Hannes"]
[Black "Bracker, Frank"]
[Result "1/2-1/2"]
[WhiteElo "2403"]
[BlackElo "2214"]
[PlyCount "59"]
[EventDate "2007.??.??"]

1. b3 d5 2. Bb2 Bg4 3. g3 c6 4. Bg2 Nd7 5. Nf3 e6 6. d3 Ngf6 7. Nbd2 Bd6 8. O-O
O-O 9. h3 Bh5 10. Qe1 Qc7 11. e4 dxe4 12. dxe4 e5 13. Nc4 Bxf3 14. Bxf3 Bc5 15.
Bg2 a5 16. Kh1 b5 17. Ne3 Rfe8 18. Nf5 Bf8 19. Qe3 a4 20. Qg5 Kh8 21. f4 Re6
22. Rab1 axb3 23. axb3 Ra2 24. fxe5 Nxe5 25. Qf4 Nh5 26. Qh4 Nf6 27. Qf4 Nh5
28. Qh4 Nf6 29. Nd4 Re8 30. Qf4 1/2-1/2

[Event "IM-Turnier 2007"]
[Site "Hamburg"]
[Date "2007.10.23"]
[Round "2.3"]
[White "Lindinger, Markus"]
[Black "Huschenbeth, Niclas"]
[Result "1/2-1/2"]
[WhiteElo "2277"]
[BlackElo "2318"]
[PlyCount "52"]
[EventDate "2007.??.??"]

1. e4 e5 2. Nf3 Nc6 3. Nc3 Nf6 4. Bb5 Nd4 5. Nxd4 exd4 6. e5 dxc3 7. exf6 Qxf6
8. dxc3 Qe5+ 9. Qe2 Qxe2+ 10. Bxe2 d5 11. Bf4 c6 12. c4 Be6 13. cxd5 Bxd5 14.
O-O-O Bc5 15. f3 O-O 16. Bd3 a5 17. a3 Rfe8 18. Rhe1 Bf2 19. Rxe8+ Rxe8 20. Rd2
Be3 21. Bxe3 Rxe3 22. Re2 Rxe2 23. Bxe2 c5 24. Kd2 Kf8 25. Ke3 Ke7 26. Bd3 b6
1/2-1/2

[Event "IM-Turnier 2007"]
[Site "Hamburg"]
[Date "2007.10.23"]
[Round "3.1"]
[White "Markgraf, Alexander"]
[Black "Kopylov, Michael"]
[Result "1/2-1/2"]
[WhiteElo "2447"]
[BlackElo "2472"]
[PlyCount "23"]
[EventDate "2007.??.??"]

1. e4 c5 2. Nf3 d6 3. d4 cxd4 4. Nxd4 Nf6 5. Nc3 a6 6. Be3 Ng4 7. Bg5 h6 8. Bh4
g5 9. Bg3 Bg7 10. Be2 h5 11. Bxg4 hxg4 12. Nf5 1/2-1/2

[Event "IM-Turnier 2007"]
[Site "Hamburg"]
[Date "2007.10.23"]
[Round "3.2"]
[White "Breuer, Stefan"]
[Black "van Delft, Merijn"]
[Result "1/2-1/2"]
[WhiteElo "2355"]
[BlackElo "2418"]
[PlyCount "48"]
[EventDate "2007.??.??"]

1. e4 c6 2. d4 d5 3. Nd2 dxe4 4. Nxe4 Bf5 5. Ng3 Bg6 6. h4 h6 7. h5 Bh7 8. Nf3
Nf6 9. Bd3 Bxd3 10. Qxd3 e6 11. Bf4 Nbd7 12. O-O-O Be7 13. Kb1 O-O 14. c4 b5
15. c5 a5 16. Ne4 a4 17. Ne5 Nxe5 18. Nxf6+ Bxf6 19. Bxe5 Qd5 20. Bxf6 gxf6 21.
Rh3 Kh8 22. Qe3 Kh7 23. Qd3+ Kh8 24. Qe3 Kh7 1/2-1/2

[Event "IM-Turnier 2007"]
[Site "Hamburg"]
[Date "2007.10.23"]
[Round "3.3"]
[White "Müller, Fabian"]
[Black "Lanka, Zigurds"]
[Result "1-0"]
[WhiteElo "2312"]
[BlackElo "2482"]
[PlyCount "109"]
[EventDate "2007.??.??"]

1. e4 c5 2. Nf3 e6 3. d4 cxd4 4. Nxd4 a6 5. c4 Bc5 6. Nb3 Ba7 7. Nc3 d6 8. Be2
Nc6 9. O-O Nge7 10. Kh1 O-O 11. Bf4 e5 12. Bg3 Be6 13. f4 exf4 14. Bxf4 Ne5 15.
Nd5 N7g6 16. Bg3 f5 17. Nd4 Bxd4 18. Qxd4 Rc8 19. b3 Kh8 20. Nf4 Nxf4 21. Bxf4
Qc7 22. Rad1 fxe4 23. Qxe4 Rf6 24. Bg3 Rxf1+ 25. Bxf1 Rf8 26. Be2 Bd7 27. Qd4
Bc6 28. Qxd6 Qxd6 29. Rxd6 Ng4 30. Kg1 Ne3 31. Re6 Nf5 32. Bf2 Rd8 33. g4 Nd4
34. Bxd4 Rxd4 35. Bf3 h6 36. Bxc6 bxc6 37. Rxc6 Rd1+ 38. Kf2 Rd2+ 39. Kg3 Rxa2
40. h4 a5 41. Ra6 Ra3 42. Kf4 Rxb3 43. Rxa5 Rc3 44. Rc5 Kh7 45. Rc6 Rc1 46. h5
Rg1 47. Kf5 Rf1+ 48. Ke5 Re1+ 49. Kd5 Rd1+ 50. Kc5 g5 51. Rd6 Rf1 52. Kc6 Rf4
53. c5 Rxg4 54. Kd7 Rc4 55. c6 1-0

[Event "IM-Turnier 2007"]
[Site "Hamburg"]
[Date "2007.10.23"]
[Round "3.1"]
[White "Smith, Axel"]
[Black "Lindinger, Markus"]
[Result "1/2-1/2"]
[WhiteElo "2384"]
[BlackElo "2277"]
[PlyCount "110"]
[EventDate "2007.??.??"]

1. e4 d6 2. d4 Nf6 3. Nc3 Nbd7 4. g4 h6 5. h3 e5 6. Nge2 b5 7. Bg2 c6 8. Ng3 g6
9. Be3 Bb7 10. O-O b4 11. Nce2 h5 12. g5 Nh7 13. h4 f6 14. f4 fxg5 15. fxg5 Bg7
16. c3 exd4 17. Nxd4 Be5 18. Nxh5 Nhf8 19. Qf3 Qe7 20. Nf6+ Nxf6 21. gxf6 Qf7
22. Bg5 c5 23. Nb3 Ne6 24. Qd3 Nxg5 25. Qb5+ Qd7 26. Qxd7+ Kxd7 27. hxg5 bxc3
28. bxc3 Rh5 29. Rab1 Ba6 30. Rfd1 Ke6 31. Nd2 Bxc3 32. Nf3 Bd4+ 33. Nxd4+ cxd4
34. Rxd4 Rxg5 35. Rbd1 Rd8 36. f7 Kxf7 37. Rxd6 Rxd6 38. Rxd6 Bc8 39. Rd5 Rxd5
40. exd5 Kf6 41. Kf2 Ke5 42. Ke3 Ba6 43. a4 Bc4 44. d6 Be6 45. a5 Kxd6 46. Kd4
Bd7 47. Be4 g5 48. Bf3 Bc6 49. Be2 Bg2 50. Bg4 Kc6 51. Ke5 Kb5 52. Kf5 Kxa5 53.
Kxg5 Kb4 54. Bd7 a5 55. Kf4 Bf1 1/2-1/2

[Event "IM-Turnier 2007"]
[Site "Hamburg"]
[Date "2007.10.23"]
[Round "3.2"]
[White "Bracker, Frank"]
[Black "Bakker, Sven"]
[Result "1/2-1/2"]
[WhiteElo "2214"]
[BlackElo "2244"]
[PlyCount "98"]
[EventDate "2007.??.??"]

1. e4 c6 2. d4 d5 3. e5 Bf5 4. Be3 e6 5. Nd2 Nd7 6. Nb3 a5 7. a4 f6 8. exf6
Ngxf6 9. Bf4 Be7 10. Bd3 O-O 11. Ne2 Re8 12. O-O Bxd3 13. Qxd3 Bf8 14. Qg3 Ne4
15. Qh3 e5 16. Be3 Bd6 17. Rad1 Qc7 18. Kh1 Nb6 19. f3 Nf6 20. Bg5 Qf7 21. Ng3
Nc4 22. Bc1 Qg6 23. Qf5 Qxf5 24. Nxf5 Bc7 25. dxe5 Bxe5 26. Nbd4 g6 27. Ng3 c5
28. Nb5 Rad8 29. b3 Bxg3 30. hxg3 Ne3 31. Bxe3 Rxe3 32. Rfe1 Rde8 33. Rxe3 Rxe3
34. Rd2 d4 35. Kg1 Nd5 36. Kf2 Re6 37. Rd3 Nb4 38. Rd2 Nd5 39. Rd3 Kf7 40. c3
Nxc3 41. Nxc3 dxc3 42. Rxc3 b6 43. g4 Kf6 44. Rd3 h6 45. Rd7 g5 46. g3 Rc6 47.
Rh7 Kg6 48. Rb7 c4 49. bxc4 Rxc4 1/2-1/2

[Event "IM-Turnier 2007"]
[Site "Hamburg"]
[Date "2007.10.23"]
[Round "3.3"]
[White "Huschenbeth, Niclas"]
[Black "Langrock, Hannes"]
[Result "1-0"]
[WhiteElo "2318"]
[BlackElo "2403"]
[PlyCount "53"]
[EventDate "2007.??.??"]

1. e4 c5 2. Nf3 e6 3. d4 cxd4 4. Nxd4 a6 5. Bd3 Bc5 6. Nb3 Ba7 7. O-O Nc6 8.
Qg4 Qf6 9. Bg5 Qg6 10. Qh4 Nb4 11. a4 f6 12. Bd2 Nxd3 13. cxd3 Ne7 14. Bb4 Qf7
15. N1d2 d5 16. exd5 Nxd5 17. Nc4 Bb8 18. Bd6 Qg6 19. Qd4 Ba7 20. Bc5 Bb8 21.
f4 Kf7 22. f5 Qh5 23. Bd6 Ba7 24. Nc5 Re8 25. Rae1 Kg8 26. g4 Qg5 27. Qxd5 1-0

[Event "IM-Turnier 2007"]
[Site "Hamburg"]
[Date "2007.10.24"]
[Round "4.1"]
[White "Markgraf, Alexander"]
[Black "Smith, Axel"]
[Result "1-0"]
[WhiteElo "2447"]
[BlackElo "2384"]
[PlyCount "83"]
[EventDate "2007.??.??"]

1. e4 e6 2. d4 d5 3. e5 c5 4. c3 Nc6 5. Nf3 Bd7 6. Be2 Nge7 7. Na3 Ng6 8. h4
cxd4 9. cxd4 Bb4+ 10. Kf1 h6 11. Bd3 O-O 12. h5 Nge7 13. Nc2 f6 14. Rh3 fxe5
15. dxe5 Bc5 16. Ne3 Rxf3 17. gxf3 Nxe5 18. Be2 N5c6 19. Rg3 Kh8 20. b4 Bxe3
21. fxe3 Nf5 22. Rh3 e5 23. Rh2 Nxb4 24. a3 Nc6 25. Kf2 Be6 26. Rb1 b6 27. Bd3
e4 28. Be2 Qf6 29. Qg1 exf3 30. Bb5 Ne5 31. Rb4 a6 32. Bf1 Rc8 33. Bb2 d4 34.
exd4 Rc2+ 35. Ke1 Rxh2 36. dxe5 f2+ 37. Qxf2 Rxf2 38. exf6 Rf3 39. Rxb6 Bf7 40.
Rb7 Bxh5 41. fxg7+ Nxg7 42. Rxg7 1-0

[Event "IM-Turnier 2007"]
[Site "Hamburg"]
[Date "2007.10.24"]
[Round "4.2"]
[White "Breuer, Stefan"]
[Black "Bracker, Frank"]
[Result "1-0"]
[WhiteElo "2355"]
[BlackElo "2214"]
[PlyCount "57"]
[EventDate "2007.??.??"]

1. e4 c5 2. c3 Nf6 3. e5 Nd5 4. d4 cxd4 5. Qxd4 e6 6. Nf3 Nc6 7. Qe4 f5 8. Qe2
Qc7 9. g3 b5 10. Bg2 a5 11. O-O Ba6 12. Rd1 Be7 13. Nbd2 O-O 14. Nf1 Nb6 15. b3
a4 16. Bd2 Ra7 17. Be3 Rb8 18. Kh1 Raa8 19. Bxb6 Rxb6 20. Qe3 Rbb8 21. b4 Re8
22. a3 Rad8 23. Rac1 Na7 24. Kg1 Nc8 25. Nd4 Nb6 26. Nd2 Rb8 27. f4 Nc4 28.
Nxc4 Qxc4 29. Nxf5 1-0

[Event "IM-Turnier 2007"]
[Site "Hamburg"]
[Date "2007.10.24"]
[Round "4.3"]
[White "Müller, Fabian"]
[Black "Huschenbeth, Niclas"]
[Result "1/2-1/2"]
[WhiteElo "2312"]
[BlackElo "2318"]
[PlyCount "65"]
[EventDate "2007.??.??"]

1. d4 Nf6 2. c4 c5 3. d5 e6 4. Nc3 exd5 5. cxd5 d6 6. e4 g6 7. f4 Bg7 8. Bb5+
Nfd7 9. a4 Na6 10. Nf3 Nb4 11. O-O a6 12. Be2 O-O 13. Nd2 f5 14. exf5 Rxf5 15.
Nc4 Qf8 16. Kh1 Rb8 17. g3 Rf7 18. Ne4 Nf6 19. Nexd6 Bh3 20. Nxf7 Bxf1 21. Bxf1
Qxf7 22. Be3 Nbxd5 23. Bxc5 Ne4 24. Bg2 Ndc3 25. bxc3 Qxc4 26. Bg1 Kh8 27. Bd4
Nxc3 28. Bxg7+ Kxg7 29. Qd7+ Qf7 30. Qd4+ Qf6 31. Qd7+ Qf7 32. Qd4+ Qf6 33.
Qd7+ 1/2-1/2

[Event "IM-Turnier 2007"]
[Site "Hamburg"]
[Date "2007.10.24"]
[Round "4.1"]
[White "Lanka, Zigurds"]
[Black "Langrock, Hannes"]
[Result "1-0"]
[WhiteElo "2403"]
[BlackElo "2482"]
[PlyCount "85"]
[EventDate "2007.??.??"]

1. e4 c5 2. Nf3 e6 3. d4 cxd4 4. Nxd4 a6 5. Nc3 b5 6. Bd3 Qb6 7. Nb3 Qc7 8. Qe2
Bb7 9. O-O Nf6 10. f4 Nc6 11. Bd2 Nb4 12. a3 Nxd3 13. cxd3 Be7 14. Rac1 Qb8 15.
Na5 O-O 16. Be3 d5 17. e5 Nd7 18. Bd4 b4 19. Na4 bxa3 20. bxa3 Bd8 21. Qd2 Bxa5
22. Qxa5 Rc8 23. Rc3 Rxc3 24. Qxc3 Qc8 25. Qd2 Bc6 26. Nc3 Qc7 27. Qe3 Re8 28.
Qg3 Nf8 29. h4 Qe7 30. a4 Qd7 31. a5 Qc7 32. Bb6 Qd7 33. Ne2 Kh8 34. Nd4 h6 35.
Kh2 Bb7 36. Bc5 f5 37. Rb1 Bc8 38. Rb8 Qf7 39. Ra8 Rd8 40. Nc6 Re8 41. Ra7 Nd7
42. Bd6 Kh7 43. Rc7 1-0

[Event "IM-Turnier 2007"]
[Site "Hamburg"]
[Date "2007.10.24"]
[Round "4.2"]
[White "Kopylov, Michael"]
[Black "Lindinger, Markus"]
[Result "1/2-1/2"]
[WhiteElo "2472"]
[BlackElo "2277"]
[PlyCount "53"]
[EventDate "2007.??.??"]

1. d4 Nf6 2. c4 g6 3. Nc3 Bg7 4. e4 d6 5. h3 O-O 6. Be3 e5 7. d5 Na6 8. Nf3 Nh5
9. Ng1 Nf6 10. g4 c6 11. Nge2 cxd5 12. cxd5 h5 13. f3 Nh7 14. Qd2 h4 15. Rg1
Bf6 16. g5 Be7 17. O-O-O Bd7 18. Kb1 Qb8 19. Qe1 b5 20. Nc1 Rc8 21. Nb3 Bd8 22.
Qxh4 Qb7 23. Qe1 Nb4 24. a3 a5 25. h4 Na6 26. Na2 b4 27. axb4 1/2-1/2

[Event "IM-Turnier 2007"]
[Site "Hamburg"]
[Date "2007.10.24"]
[Round "4.3"]
[White "van Delft, Merijn"]
[Black "Bakker, Sven"]
[Result "1/2-1/2"]
[WhiteElo "2418"]
[BlackElo "2244"]
[PlyCount "81"]
[EventDate "2007.??.??"]

1. b3 d5 2. Bb2 c6 3. g3 Bf5 4. Bg2 Nd7 5. c4 e6 6. Nf3 h6 7. O-O Ngf6 8. d3
Be7 9. Nbd2 O-O 10. a3 a5 11. Rc1 Bh7 12. Rc2 Re8 13. Qa1 Bd6 14. Ne5 Nxe5 15.
Bxe5 Bxe5 16. Qxe5 Qe7 17. Qb2 e5 18. cxd5 Nxd5 19. Rb1 Rad8 20. Rbc1 Nf6 21.
Rc4 Nd5 22. Rc5 f5 23. Rxa5 e4 24. dxe4 fxe4 25. e3 Rd6 26. Ra4 Nf6 27. Rac4
Red8 28. R4c2 Qd7 29. Nc4 Rd1+ 30. Rxd1 Qxd1+ 31. Bf1 Bf5 32. b4 Bh3 33. Rc1
Bxf1 34. Rxd1 Rxd1 35. Qb3 Be2+ 36. Kg2 Bf3+ 37. Kh3 Bg4+ 38. Kg2 Bf3+ 39. Kh3
Bg4+ 40. Kg2 Bf3+ 41. Kh3 1/2-1/2

[Event "IM-Turnier 2007"]
[Site "Hamburg"]
[Date "2007.10.25"]
[Round "5.1"]
[White "Huschenbeth, Niclas"]
[Black "Markgraf, Alexander"]
[Result "1-0"]
[WhiteElo "2318"]
[BlackElo "2447"]
[PlyCount "107"]
[EventDate "2007.??.??"]

1. e4 c5 2. Nf3 e6 3. d4 cxd4 4. Nxd4 Nc6 5. Nc3 Qc7 6. Be3 a6 7. Bd3 Nf6 8.
O-O Ne5 9. Nf3 Nfg4 10. Nxe5 Nxe3 11. Qh5 g6 12. Qf3 Qxe5 13. fxe3 f6 14. Qxf6
Qxf6 15. Rxf6 Bg7 16. Rf3 b5 17. a4 b4 18. Ne2 Bxb2 19. Rb1 Ba3 20. Nd4 Ra7 21.
e5 Rc7 22. Rh3 O-O 23. Nf3 b3 24. Rxb3 Be7 25. Kf2 Rc5 26. Ke2 Ra5 27. Rg3 Rxa4
28. Rb1 Rb4 29. Rxb4 Bxb4 30. Rg4 a5 31. h4 Kh8 32. h5 gxh5 33. Rh4 Be7 34.
Rxh5 Rf7 35. Nh2 a4 36. Ng4 Bb7 37. Nf6 Bxf6 38. exf6 Bxg2 39. Bxh7 Bd5 40.
Bg6+ Kg8 41. Bxf7+ Kxf7 42. Rh7+ Ke8 43. Re7+ Kd8 44. Rg7 Ke8 45. Kd3 a3 46. e4
Ba2 47. Rg1 e5 48. c4 Bb3 49. Ra1 a2 50. Kc3 Ba4 51. Rxa2 Bc6 52. Ra5 Kf7 53.
Rxe5 Kxf6 54. Kd4 1-0

[Event "IM-Turnier 2007"]
[Site "Hamburg"]
[Date "2007.10.25"]
[Round "5.2"]
[White "Smith, Axel"]
[Black "Breuer, Stefan"]
[Result "0-1"]
[WhiteElo "2384"]
[BlackElo "2355"]
[PlyCount "102"]
[EventDate "2007.??.??"]

1. e4 e6 2. d4 d5 3. Nc3 Nf6 4. e5 Nfd7 5. f4 c5 6. Nf3 Nc6 7. Be3 a6 8. Qd2 b5
9. a3 cxd4 10. Nxd4 Nxd4 11. Bxd4 Nb8 12. Bd3 Nc6 13. Bf2 Bd7 14. O-O g6 15.
Ne2 b4 16. axb4 Nxb4 17. Nd4 Be7 18. Be2 a5 19. Ra3 Na6 20. Raa1 Nc5 21. Bf3
Ra6 22. Kh1 O-O 23. g4 Bc8 24. f5 exf5 25. gxf5 gxf5 26. Rg1+ Kh8 27. Qf4 Ne6
28. Qg3 f4 29. Qg2 Ng5 30. Bh4 Bh3 31. Qe2 Rg6 32. Bxg5 Bxg5 33. Qb5 Bh4 34.
Rxg6 hxg6 35. Qxa5 Qg5 36. Qxd5 Bf2 37. Ne2 Kh7 38. Bg2 Bg4 39. Bf3 Be6 40. Qe4
Be3 41. Nd4 Re8 42. Qc6 Re7 43. Qd6 Ra7 44. Rd1 Bg4 45. e6 Bxd4 46. Bxg4 Bc5
47. Qd5 Qxg4 48. exf7 f3 49. f8=N+ Bxf8 50. Rg1 Ra1 51. Rxa1 Qg2# 0-1

[Event "IM-Turnier 2007"]
[Site "Hamburg"]
[Date "2007.10.25"]
[Round "5.3"]
[White "Bracker, Frank"]
[Black "Müller, Fabian"]
[Result "1-0"]
[WhiteElo "2214"]
[BlackElo "2312"]
[PlyCount "67"]
[EventDate "2007.??.??"]

1. e4 c5 2. Nf3 e6 3. d4 cxd4 4. Nxd4 Nc6 5. Nc3 Qc7 6. Be3 a6 7. Qd2 Nf6 8.
O-O-O Bb4 9. f3 Ne5 10. Nb3 b5 11. Qd4 Bxc3 12. Qxc3 Qxc3 13. bxc3 d5 14. Bd4
Nc4 15. Bxf6 gxf6 16. Bxc4 dxc4 17. Na5 Ra7 18. Rd2 Bd7 19. Rhd1 Ke7 20. Kb2 h5
21. g3 Rc7 22. Rd6 f5 23. exf5 exf5 24. Rxa6 h4 25. Re1+ Kd8 26. Ra8+ Rc8 27.
Ra7 hxg3 28. hxg3 Rc7 29. Nb7+ Kc8 30. Ra8+ Kxb7 31. Rxh8 Be6 32. Re5 Kc6 33.
Rb8 b4 34. cxb4 1-0

[Event "IM-Turnier 2007"]
[Site "Hamburg"]
[Date "2007.10.25"]
[Round "5.1"]
[White "Bakker, Sven"]
[Black "Lanka, Zigurds"]
[Result "1/2-1/2"]
[WhiteElo "2244"]
[BlackElo "2482"]
[PlyCount "52"]
[EventDate "2007.??.??"]

1. d4 Nf6 2. c4 c5 3. d5 b5 4. cxb5 a6 5. b6 Qxb6 6. Nc3 d6 7. Nf3 Nbd7 8. e4
h6 9. Nd2 g5 10. Nc4 Qc7 11. Be2 Nb6 12. Ne3 Rb8 13. h4 Rg8 14. hxg5 hxg5 15.
Rb1 Nbd7 16. Qc2 Ne5 17. b3 g4 18. Bc4 Nfd7 19. Na4 Bg7 20. Bd2 Nf8 21. Nb2
Nfg6 22. Kf1 Rh8 23. Rxh8+ Bxh8 24. Bc3 Bf6 25. Re1 Bd7 26. Nd3 Qc8 1/2-1/2

[Event "IM-Turnier 2007"]
[Site "Hamburg"]
[Date "2007.10.25"]
[Round "5.2"]
[White "Langrock, Hannes"]
[Black "Kopylov, Michael"]
[Result "1/2-1/2"]
[WhiteElo "2403"]
[BlackElo "2472"]
[PlyCount "28"]
[EventDate "2007.??.??"]

1. e4 d5 2. exd5 Nf6 3. Bb5+ Bd7 4. Be2 Nxd5 5. d4 Bf5 6. Nf3 e6 7. O-O Be7 8.
c3 O-O 9. Qb3 Qc8 10. Na3 c5 11. Nc4 Nc6 12. dxc5 Bxc5 13. Nh4 Be4 14. Nd2 Nf4
1/2-1/2

[Event "IM-Turnier 2007"]
[Site "Hamburg"]
[Date "2007.10.25"]
[Round "5.3"]
[White "Lindinger, Markus"]
[Black "van Delft, Merijn"]
[Result "1/2-1/2"]
[WhiteElo "2277"]
[BlackElo "2418"]
[PlyCount "53"]
[EventDate "2007.??.??"]

1. e4 c6 2. Nf3 d5 3. exd5 cxd5 4. Ne5 Nf6 5. Bb5+ Nbd7 6. d4 g6 7. O-O Bg7 8.
Re1 O-O 9. Qe2 Nxe5 10. dxe5 Ne4 11. c4 e6 12. Nd2 Nxd2 13. Bxd2 a6 14. Ba4 Bd7
15. Bb3 dxc4 16. Bxc4 Bc6 17. Rad1 Qh4 18. Bb3 Rad8 19. Bc3 Rxd1 20. Rxd1 Rd8
21. Rxd8+ Qxd8 22. Qe3 h5 23. h3 Kh7 24. Qf4 Kg8 25. Qe3 Kh7 26. Qf4 Kg8 27.
Qe3 1/2-1/2

[Event "IM-Turnier 2007"]
[Site "Hamburg"]
[Date "2007.10.26"]
[Round "6.1"]
[White "Markgraf, Alexander"]
[Black "Bracker, Frank"]
[Result "1-0"]
[WhiteElo "2447"]
[BlackElo "2214"]
[PlyCount "79"]
[EventDate "2007.??.??"]

1. e4 c5 2. Nf3 d6 3. d4 cxd4 4. Nxd4 Nf6 5. Nc3 a6 6. Be3 e5 7. Nf3 Be7 8. Bc4
O-O 9. O-O Qc7 10. Bb3 Be6 11. Qe2 Rc8 12. Rfd1 Nbd7 13. Rac1 b5 14. Bg5 h6 15.
Bxf6 Nxf6 16. a3 Rab8 17. Nd5 Nxd5 18. Bxd5 Bxd5 19. Rxd5 Qc4 20. Rd3 Qa2 21.
c3 b4 22. axb4 Rxb4 23. Rc2 Rb3 24. h4 Rcb8 25. Rdd2 a5 26. g3 a4 27. Nh2 a3
28. bxa3 Qxa3 29. c4 Rb1+ 30. Rd1 Qa1 31. Rcd2 R8b2 32. Nf1 Rxd2 33. Rxd2 Qc3
34. Kg2 Bf8 35. Ne3 g6 36. h5 Kg7 37. hxg6 fxg6 38. Rd1 Rb2 39. Qf3 Rb7 40.
Nf5+ 1-0